Alle Meister der 3. Liga - Statistiken

Allgemein
  • Dieses Quiz wurde 50 mal gespielt
  • Das Durchschnittsergebnis liegt bei 11 aus 17
Antwortstatistiken
Saison Verein % Korrekt
24/25 DSC Arminia Bielefeld
96%
14/15 DSC Arminia Bielefeld
96%
20/21 SG Dynamo Dresden
93%
15/16 SG Dynamo Dresden
93%
22/23 SV 07 Elversberg
80%
23/24 SSV Ulm 1846
78%
21/22 1.FC Magdeburg
63%
17/18 1.FC Magdeburg
63%
18/19 VfL Osnabrück
61%
09/10 VfL Osnabrück
61%
10/11 Eintracht Braunschweig
59%
16/17 MSV Duisburg
59%
13/14 1.FC Heidenheim 1846
57%
19/20 FC Bayern München II
57%
12/13 Karlsruher SC
52%
11/12 SV Sandhausen
43%
08/09 1.FC Union Berlin
22%
Keine übereinstimmenden Quizze gefunden
Verteilung der Resultate
Anzahl Personen mit jedem Resultat
Perzentil nach korrekt beantworteten Fragen
Ihre Resultats-Entwicklung
Sie haben dieses Quiz noch nicht gespielt